Código civil: contiene normas introducidas por Ley n§ 19.585, publicada en el D.O. n§ 36.497 del 26 de octubre de 1998, que establece la modificación del código civil y otros cuerpos legales en materia de filiación

שמור ב:
מידע ביבליוגרפי
Main Authors: Verdugo Marinkovic, Mario (Author), Blan Renard, Neville (Author), Pinto Giraud, Bernardo (Author)
מחברים אחרים: Pfeffer Urquiaga, Emilio (autor)
פורמט: ספר
שפה:ספרדית
יצא לאור: Santiago Diario Oficial 2000
נושאים:
תגים: הוספת תג
אין תגיות, היה/י הראשונ/ה לתייג את הרשומה!

MARC

LEADER 00000nam a2200000 a 4500
001 UCN1719
003 CL-VaPUC
008 010504e20000000CL |||||||||||||||||spa|d
082 0 4 |a 346.83  |b VER  |2 21 
100 0 |a Verdugo Marinkovic, Mario  |e author  |9 457001 
700 0 |a Blan Renard, Neville  |e author  |9 457002 
700 |a Pfeffer Urquiaga, Emilio  |e autor  |9 554023 
700 0 |a Pinto Giraud, Bernardo  |e author  |9 457004 
245 1 0 |a Código civil: contiene normas introducidas por Ley n§ 19.585, publicada en el D.O. n§ 36.497 del 26 de octubre de 1998, que establece la modificación del código civil y otros cuerpos legales en materia de filiación 
300 |a 592 p 
942 |c BK 
945 |d 20010504 00:00:00  |a vberengu 
260 |a Santiago  |b Diario Oficial  |c 2000 
650 0 |a Bienes  |9 255749 
650 0 |a Código civil chileno  |9 255931 
650 0 |a Contratos  |9 255153 
650 0 |a Derecho sucesorio  |9 255015 
650 7 |a DOMINIO  |2 CL-VaPUC  |9 258676 
650 0 |a Donación entre vivos  |9 385867 
650 0 |a Obligaciones   |9 255578 
650 0 |a Personas  |9 255751 
650 0 |a Posesión   |9 258681 
583 |a last modification  |c 20010504 00:00:00  |k Rodrigo Vera 
999 |c 294953  |d 294951 
952 |0 0  |1 0  |4 0  |6 346_830000000000000_VER_2000  |7 0  |8 A  |9 347720  |a BIBDER  |b BIBDER  |d 2019-11-20  |i 3713180  |o 346.83 VER 2000  |p 3713180  |r 2023-01-25  |w 2019-11-20  |y BK  |k DER